Statistics for British railway stations with names

Click here to take the quiz!

General Stats

  • This quiz has been taken 1,961 times
  • The average score is 10 of 16

Answer Stats

HintAnswer% Correct
PaddingtonLondon
100%
PiccadillyManchester
96%
Lime StreetLiverpool
95%
New StreetBirmingham
93%
Temple MeadsBristol
89%
WaverleyEdinburgh
89%
Queen StreetGlasgow
86%
Queen StreetCardiff
66%
St David'sExeter
65%
Forster SquareBradford
43%
Bank QuayWarrington
38%
KirkgateWakefield
34%
WallgateWigan
30%
Foregate StreetWorcester
29%
North GateNewark
28%
CrescentSalford
18%

Score Distribution

Percentile by Number Answered

Percent of People with Each Score

Your Score History

You have not taken this quiz